000 00305nam a22001457a 4500
008 230127b ||||| |||| 00| 0 eng d
020 _a9780415288538
041 _aeng
080 _a7
082 _a7GAN
100 _a22
101 _aART
245 _aBOLLYWOOD GUIDEBOOK
_cGANTI T
942 _2udc
_cBK
999 _c59284
_d59284